Statistics for National Rail Stations in Devon

Click here to take the quiz!

General Stats

  • This quiz has been taken 144 times
  • The average score is 24 of 51

Answer Stats

Station% Correct
Exeter St Davids
93%
Plymouth
93%
Dawlish
86%
Torquay
81%
Exeter Central
80%
Paignton
78%
Dawlish Warren
77%
Exmouth
77%
Teignmouth
75%
Barnstaple
72%
Totnes
71%
Exeter St Thomas
69%
Ivybridge
66%
Newton Abbott
63%
Tiverton Parkway
63%
Torre
61%
Starcross
60%
Crediton
59%
Okehampton
52%
Topsham
52%
Honiton
49%
Axminster
48%
St James Park
45%
Devonport
43%
Exton
42%
Lympstone Commando
42%
Pinhoe
39%
Bere Alston
36%
Digby & Sowton
35%
Newton St Cyres
34%
Dockyard
33%
Lympstone Village
33%
Portsmouth Arms
33%
Bere Ferrers
31%
Eggesford
31%
Feniton
31%
Morchard Road
31%
Keyham
30%
Polsloe Bridge
30%
St Budeaux Ferry Road
30%
Kings Nympton
29%
Copplestone
28%
Lapford
28%
Yeoford
28%
St Budeaux Victoria Road
27%
Newcourt
25%
Cranbrook
24%
Whimple
23%
Chapelton
22%
Umberleigh
22%
Sampford Courtenay
17%

Score Distribution

Percentile by Number Answered

Percent of People with Each Score

Your Score History

You have not taken this quiz